Widok standardowy
Widok MARC
Pozycja Corporate Name
Liczba rekordów, w których użyto hasła: 1
001 - Numer kontrolny
- control field: 11699
003 - Identyfikator numeru kontrolnego
- control field: OLSZT 008
005 - Data i czas ostatniej modyfikacji
- control field: 20240320220005.0
008 - Dane kontrolne kodowane (40 znaków)
- fixed length control field: 090917n||a|nnnabbn |a ana |c
010 ## - Numer kontrolny Biblioteki Kongresu
- numer kontrolny LC: n 2009062941
024 7# - OTHER STANDARD IDENTIFIER
- Standard number or code: http://viaf.org/viaf/162741995
- Source of number or code: uri
039 #9 -
- : 202307310012
- : VLOAD
- : 202307280502
- : VLOAD
- : 200909220007
- : VLOAD
- : 200909211115
- : fhp
- : 200909171036
- : osso
040 ## - Instytucja sporządzająca rekord
- inst. przygot. dane do rek. khw: WR O/MK
- inst. wprow. rek. khw: WR O/MK
110 2# - Hasło - nazwa ciała zbiorowego
- nazwa ciała zbior. lub geogr. na pocz.: Katolicki Uniwersytet Lubelski Jana Pawła II.
- nazwa jednostki podrzędnej: Katedra Historii Państwa i Prawa.
410 2# - Trop zob. - nazwa ciała zbiorowego
- nazwa ciała zbior. lub geogr. na pocz.: KUL Jana Pawła II.
- nazwa jednostki podrzędnej: Katedra Historii Państwa i Prawa.
410 2# - Trop zob. - nazwa ciała zbiorowego
- nazwa ciała zbior. lub geogr. na pocz.: Katedra Historii Państwa i Prawa Katolickiego Uniwersytetu Lubelskiego Jana Pawła II.
410 2# - Trop zob. - nazwa ciała zbiorowego
- nazwa ciała zbior. lub geogr. na pocz.: Katedra Historii Państwa i Prawa KUL.
510 2# - Trop zob. też - nazwa ciała zbiorowego
- podpole kontrolne: a
- nazwa ciała zbior. lub geogr. na pocz.: Katolicki Uniwersytet Lubelski.
- nazwa jednostki podrzędnej: Katedra Historii Państwa i Prawa.
670 ## - Źródło informacji
- źródło informacji: Kp. Czasy Nowożytne. - T. 18/19 (2005).
999 ## -
- : VIRTUA1 x